Kortársunk, a történelem. Szkipetár könyvmáglya
Elmentve itt :
| Szerző: | |
|---|---|
| Adatforrás: | Meister |
| Forrásdokumentuma: | A Hét. - 16 sz., 1998, 10 p. |
| Nyelv: | magyar |
| Kulcsszavak: | politikai publicisztika albánok Albánia Koszovo |
| LEADER | 00434nab a2200157 i 4500 | ||
|---|---|---|---|
| 001 | bibPRO00007446 | ||
| 008 | 060524s1998 xx hun | ||
| 040 | |a Sz1 | ||
| 041 | |a hun | ||
| 100 | 1 | |a VAJNOVSZKI Kázmér | |
| 245 | 1 | 0 | |a Kortársunk, a történelem. Szkipetár könyvmáglya |c VAJNOVSZKI Kázmér |
| 695 | |a politikai publicisztika | ||
| 695 | |a albánok | ||
| 695 | |a Albánia | ||
| 695 | |a Koszovo | ||
| 773 | 0 | |t A Hét. - |g 16 sz., 1998, 10 p. | |